000 00584nam a22001697a 4500
020 _qHard Cover.
082 _a620.1
100 _aAhmad,Adnan
245 _aFriction and Lubrication Modeling of Engine Valve Trains and its Application in Wear Study
_cAdnan Ahmad.
260 _aIslamabad:
_bSMME - NUST,
_c2018.
300 _a35 p. : ill. ;
_c30cm.
650 _aMechanical Engineer
_926445
700 _aDr. Riaz Ahmad Mufti
_926446
856 _u http://10.250.8.41:8080/xmlui/handle/123456789/13014
942 _2ddc
_cTHE
999 _c532828
_d532828